000 00810cam a2200265 a 4500
008
020 _a3540940723 (hbk. )
049 _aMAIN
090 0 _aQP551 SCO
100 1 _aScopes, Robert K.
245 1 0 _aProtein purification :
_bprinciples and practice /
_cRobert K. Scopes.
250 _a3rd ed.
260 _aNew York :
_bSpringer-Verlag,
_c1994.
300 _axix, 380 p. :
_bill. ;
_c25 cm.
440 _aSpringer advanced texts in chemistry.
504 _aIncludes bibliographical references.
500 _aIncludes index.
650 0 _aProteins
_xPurification.
650 2 _aProteins
_xisolation & purification.
907 _a.b10246356
_b05-06-07
_c29-05-07
003
005 20230123134451.0
040 _cNUST
942 _cBOOKS
_kQP551 SCO
999 _c166443
_d166443